000 00360nam a2200121Ia 4500
008 220204s9999 xx 000 0 und d
082 _a349.6(035)
_bTRI
100 _aTrivedy, R K
245 0 _aHandbook of environmental laws, acts, rules, guidelines, compliances and standards. 2 V
260 _bEnviromedia
_c1996
650 _aEnvironmental act
942 _cBK
999 _c41183
_d41183